To' Janggut : legends, histories and perceptions of the 1915 rebellion in Kelantan

Bibliographic Details
Main Author: Cheah, Boon Kheng
Format: Book
Published: Singapore : NUS Publishing , 2006
Subjects:

MARC

LEADER 00000cam a2200000 7i4500
001 0000019648
005 20080624.0
008 080618
020 |a 997169316X 
090 0 0 |a 959.5103   |b CHE 
100 1 |a Cheah, Boon Kheng 
245 1 0 |a To' Janggut :   |b legends, histories and perceptions of the 1915 rebellion in Kelantan   |c Cheah, Boon Kheng 
260 |a Singapore :   |b NUS Publishing ,   |c 2006 
650 0 |a Insurgency   |z MAlaysia   |x Kelantan   |x history 
650 0 |a Kelantan   |x history 
650 0 |a Kelantan   |x politics and government 
999 |a 0000936691   |b Book   |c Adult Collection   |e Cawangan Bandar Tenggara 
999 |a 0001023992   |b Book   |c Adult Collection   |e Perbadanan Perpustakaan Awam Johor